000 00813nam a22002291a 4500
999 _c8444
_d8444
001 8444
003 BD-JhCC
005 20181002175633.0
008 180224b1369 bg |||| ||a| 000 0 ben d
035 _a(BD-JhCC) 8444
040 _aBD-JhCC
_dBD-JhCC
041 _aben
082 _a301
_bRUS 1369
100 _aরুশো, য্যাঁ য্যাক
245 _aসমাজ -সংস্থা /
_c য্যাঁ য্যাক রুশো অধ্যাপক নূর মোহাম্মদ মিঞা
260 _aঢাকা :
_bবাংলা একাডেমী ঢাকা ,
_c1369
300 _a138 p .:
_c22 cm .
650 _aSocial Organization
700 _aমিঞা, অধ্যাপক নূর মোহাম্মদ
942 _2ddc
_cBK